<?xml version="1.0" encoding="UTF-8"?>
<record
    xmlns:xsi="http://www.w3.org/2001/XMLSchema-instance"
    xsi:schemaLocation="http://www.loc.gov/MARC21/slim http://www.loc.gov/standards/marcxml/schema/MARC21slim.xsd"
    xmlns="http://www.loc.gov/MARC21/slim">

  <leader>01469nam a22002417a 4500</leader>
  <datafield tag="952" ind1=" " ind2=" ">
    <subfield code="0">0</subfield>
    <subfield code="1">0</subfield>
    <subfield code="4">0</subfield>
    <subfield code="7">0</subfield>
    <subfield code="a">04</subfield>
    <subfield code="b">04</subfield>
    <subfield code="d">2013-07-22</subfield>
    <subfield code="l">26</subfield>
    <subfield code="m">1</subfield>
    <subfield code="o">C KGF4550 A28 2013</subfield>
    <subfield code="p">04 004245</subfield>
    <subfield code="r">2017-04-21</subfield>
    <subfield code="s">2017-04-21</subfield>
    <subfield code="t">1</subfield>
    <subfield code="w">2013-07-22</subfield>
    <subfield code="y">LB</subfield>
  </datafield>
  <datafield tag="952" ind1=" " ind2=" ">
    <subfield code="0">0</subfield>
    <subfield code="1">0</subfield>
    <subfield code="4">0</subfield>
    <subfield code="7">0</subfield>
    <subfield code="a">03</subfield>
    <subfield code="b">03</subfield>
    <subfield code="d">2013-07-29</subfield>
    <subfield code="l">2</subfield>
    <subfield code="o">AV KGF4550.A28 2013</subfield>
    <subfield code="p">03 006421</subfield>
    <subfield code="r">2014-03-15</subfield>
    <subfield code="s">2014-03-15</subfield>
    <subfield code="t">1</subfield>
    <subfield code="w">2013-07-29</subfield>
    <subfield code="y">LB</subfield>
  </datafield>
  <datafield tag="952" ind1=" " ind2=" ">
    <subfield code="0">0</subfield>
    <subfield code="1">0</subfield>
    <subfield code="4">0</subfield>
    <subfield code="7">0</subfield>
    <subfield code="a">01</subfield>
    <subfield code="b">01</subfield>
    <subfield code="d">2019-10-30</subfield>
    <subfield code="l">0</subfield>
    <subfield code="o">346.7208 M611af 2013</subfield>
    <subfield code="p">01 015158</subfield>
    <subfield code="r">2019-10-30</subfield>
    <subfield code="t">1</subfield>
    <subfield code="w">2019-10-30</subfield>
    <subfield code="y">LB</subfield>
  </datafield>
  <datafield tag="999" ind1=" " ind2=" ">
    <subfield code="c">90235</subfield>
    <subfield code="d">90235</subfield>
  </datafield>
  <controlfield tag="005">20231102151558.0</controlfield>
  <controlfield tag="008">130722t20032013MX A   | |||| 00| 0 s   d</controlfield>
  <datafield tag="020" ind1=" " ind2=" ">
    <subfield code="a">9786074064216</subfield>
  </datafield>
  <datafield tag="050" ind1=" " ind2="4">
    <subfield code="a">C KGF4550</subfield>
    <subfield code="b">A28 2013</subfield>
  </datafield>
  <datafield tag="082" ind1=" " ind2="4">
    <subfield code="a">346.7208</subfield>
    <subfield code="b">M611af 2013</subfield>
  </datafield>
  <datafield tag="110" ind1=" " ind2=" ">
    <subfield code="a">Mexico </subfield>
  </datafield>
  <datafield tag="245" ind1=" " ind2=" ">
    <subfield code="a">Agenda Financiera</subfield>
  </datafield>
  <datafield tag="250" ind1=" " ind2=" ">
    <subfield code="a">20a. edici&#xF3;n</subfield>
  </datafield>
  <datafield tag="260" ind1="3" ind2=" ">
    <subfield code="a">M&#xE9;xico</subfield>
    <subfield code="b"> : Ediciones Fiscales ISEF</subfield>
    <subfield code="c"> , 2013</subfield>
  </datafield>
  <datafield tag="300" ind1=" " ind2=" ">
    <subfield code="a">paginaci&#xF3;n variada</subfield>
  </datafield>
  <datafield tag="500" ind1=" " ind2=" ">
    <subfield code="a">Contiene todas las disposiciones publicadas hasta la fecha de impresi&#xF3;n</subfield>
  </datafield>
  <datafield tag="505" ind1=" " ind2=" ">
    <subfield code="a">Ley de instituciones de cr&#xE9;dito
Ley general de organizaciones y actividades auxiliares de cr&#xE9;dito 
Ley del banco de M&#xE9;xico y reglamento 
Ley de sociedades de inversi&#xF3;n 
Ley para regular las agrupaciones financieras
Ley Federal para la prevenci&#xF3;n e Identificaci&#xF3;n de Operaciones con Recursos de Procedencia Il&#xED;cita
Ley Org&#xE1;nica de Nacional Financiera 
Ley de la Comisi&#xF3;n Nacional Bancaria y de Valores
Ley de Protecci&#xF3;n y Defensa al Usuario de Servicios Financieros 
Ley para regular las sociedades de informaci&#xF3;n crediticia 
Ley de Protecci&#xF3;n al Ahorro Bancario
Ley de Mercado de Valores 
Ley Monetaria de los Estados Unidos Mexicanos 
Ley de Ahorro y Cr&#xE9;dito Popular </subfield>
  </datafield>
  <datafield tag="519" ind1=" " ind2=" ">
    <subfield code="a">Material Complementario /</subfield>
    <subfield code="d">(01 015158)</subfield>
  </datafield>
  <datafield tag="519" ind1=" " ind2=" ">
    <subfield code="a">Material Complementario /</subfield>
    <subfield code="d">(04 004245)</subfield>
  </datafield>
  <datafield tag="650" ind1=" " ind2="0">
    <subfield code="a">FINANZAS P&#xDA;BLICAS</subfield>
    <subfield code="z">M&#xC9;XICO</subfield>
    <subfield code="x">LEYES Y LEGISLACI&#xD3;N</subfield>
  </datafield>
  <datafield tag="650" ind1=" " ind2="0">
    <subfield code="a">FINANZAS</subfield>
    <subfield code="v">LEYES Y LEGISLACI&#xD3;N</subfield>
    <subfield code="z">M&#xC9;XICO</subfield>
  </datafield>
  <datafield tag="942" ind1=" " ind2=" ">
    <subfield code="c">LB</subfield>
    <subfield code="2">lcc</subfield>
  </datafield>
</record>
